[Event "Portugal Open 2018"]
[Site "Lisboa POR"]
[Date "2018.02.05"]
[Round "5.77"]
[White "Larsen, Sander"]
[Black "Zemlicka, Vit"]
[Result "1-0"]
[WhiteElo "1824"]
[BlackElo "2015"]
[WhiteFideId "227315"]
[BlackFideId "303143"]
[WhiteCountry "BEL"]
[BlackCountry "CZE"]
[PlyCount "120"]
[EventDate "2018.??.??"]

1. d4 Nf6 2. Nf3 g6 3. Bg5 Bg7 4. Nbd2 d5 5. c3 h6 6. Bh4 g5 7. Bg3 Nh5 8. Be5
f6 9. Bg3 c6 10. e3 Bf5 11. Bxb8 Rxb8 12. Nh4 Be6 13. Qxh5+ Bf7 14. Qg4 h5 15.
Qg3 Bf8 16. Nhf3 e6 17. Ng1 h4 18. Qg4 Qb6 19. b4 a5 20. a3 axb4 21. axb4 Kd7
22. Qd1 Qc7 23. Bd3 Bd6 24. h3 f5 25. Ne2 Ke7 26. Nb3 b6 27. Ra2 Kf6 28. Qc2 Be8
29. f3 Bd7 30. Kd2 Rb7 31. Rha1 Rhb8 32. Ra8 Bf8 33. Rxb8 Rxb8 34. f4 Bh6 35.
fxg5+ Bxg5 36. Rf1 Qh2 37. Rf2 Rg8 38. Qd1 Qb8 39. Nf4 Be8 40. Ke1 Bh6 41. Kf1
Rg3 42. Qd2 Qa7 43. Kg1 Qa3 44. Bc2 Rg7 45. Qc1 Qa8 46. Bb1 Ra7 47. Rb2 Qb8 48.
Ra2 Rg7 49. Bc2 Rg3 50. Bd1 Bf7 51. Bf3 Qg8 52. Kh2 Rxf3 53. gxf3 Bxf4+ 54. exf4
Qg3+ 55. Kh1 Bh5 56. Nd2 Qxh3+ 57. Kg1 Qg3+ 58. Kf1 h3 59. Ke2 Qg2+ 60. Kd3 Kf7
1-0

[Event "Portugal Open 2018"]
[Site "Lisboa POR"]
[Date "2018.02.05"]
[Round "5.78"]
[White "Gonçalves, Gabriel"]
[Black "Terryn, Ezra"]
[Result "1/2-1/2"]
[WhiteElo "1766"]
[BlackElo "1993"]
[WhiteFideId "1945610"]
[BlackFideId "233196"]
[WhiteCountry "POR"]
[BlackCountry "BEL"]
[PlyCount "52"]
[EventDate "2018.??.??"]

1. e4 c5 2. Nf3 e6 3. d4 cxd4 4. Nxd4 Nc6 5. Nc3 Qc7 6. Nxc6 bxc6 7. Bd3 d5 8.
exd5 exd5 9. O-O Nf6 10. Re1+ Be7 11. Bg5 O-O 12. h3 Be6 13. Qf3 Rfe8 14. Ne2
Rab8 15. Nd4 Bd7 16. Nf5 Bxf5 17. Qxf5 Qc8 18. Qxc8 Rbxc8 19. Re2 h6 20. Bd2 Bd6
21. Rae1 Kf8 22. Kf1 Rxe2 23. Rxe2 Re8 24. c4 Rxe2 25. Kxe2 Ke7 26. Bc3 g6
1/2-1/2

[Event "Portugal Open 2018"]
[Site "Lisboa POR"]
[Date "2018.02.05"]
[Round "5.79"]
[White "Gonçalves, Samuel"]
[Black "Staufenberger, Bernd"]
[Result "1/2-1/2"]
[WhiteElo "1469"]
[BlackElo "1981"]
[WhiteFideId "1945130"]
[BlackFideId "4682505"]
[WhiteCountry "POR"]
[BlackCountry "GER"]
[PlyCount "32"]
[EventDate "2018.??.??"]

1. e4 Nf6 2. Nc3 d5 3. exd5 Nxd5 4. d4 Bf5 5. Bd3 Bg6 6. Nge2 e6 7. O-O Be7 8.
Nf4 Nc6 9. Ncxd5 exd5 10. Nxg6 hxg6 11. c3 Bd6 12. h3 O-O 13. Qg4 Qc8 14. Bd2
Qxg4 15. hxg4 Rae8 16. Rae1 Nd8 1/2-1/2

[Event "Portugal Open 2018"]
[Site "Lisboa POR"]
[Date "2018.02.05"]
[Round "5.81"]
[White "Kersten, Julian"]
[Black "Santos, Isabel P"]
[Result "1/2-1/2"]
[WhiteElo "2032"]
[BlackElo "1739"]
[WhiteFideId "1628542"]
[BlackFideId "1921681"]
[WhiteCountry "AUT"]
[BlackCountry "POR"]
[PlyCount "104"]
[EventDate "2018.??.??"]

1. e4 c6 2. d4 d5 3. e5 Bf5 4. h4 Qc7 5. g4 Bd7 6. f4 e6 7. Bd3 c5 8. c3 cxd4 9.
cxd4 Nc6 10. Ne2 Bb4+ 11. Bd2 Rc8 12. a3 Bxd2+ 13. Nxd2 Nge7 14. b4 a5 15. Rc1
axb4 16. axb4 Qb6 17. Nf3 Qxb4+ 18. Kf2 Qa5 19. Qb3 Rb8 20. Ra1 Qc7 21. Nc3 O-O
22. h5 f6 23. Ne2 fxe5 24. dxe5 b5 25. Qb1 h6 26. Qd1 Qb6+ 27. Kg2 b4 28. Bb1
Kf7 29. Qd3 b3 30. Qh7 Qe3 31. Re1 b2 32. Bg6+ Nxg6 33. Qxg6+ Ke7 34. Rab1 Rf7
35. f5 Nxe5 36. Nxe5 Qxe5 37. fxe6 Bxe6 38. Nd4 Rf2+ 39. Kxf2 Qxd4+ 40. Kg2 Rb6
41. Re2 Kd7 42. Rbe1 Qxg4+ 43. Qxg4 Bxg4 44. Re7+ Kd6 45. Rxg7 Bxh5 46. Rb1 Kc5
47. Rc7+ Kd4 48. Rc2 Kd3 49. Rcxb2 Rxb2+ 50. Rxb2 Kc3 51. Rb7 d4 52. Rh7 Be2
1/2-1/2

[Event "Portugal Open 2018"]
[Site "Lisboa POR"]
[Date "2018.02.05"]
[Round "5.82"]
[White "Chaerle, Josse"]
[Black "Dias, António"]
[Result "1-0"]
[WhiteElo "2011"]
[BlackElo "1707"]
[WhiteFideId "229920"]
[BlackFideId "1928040"]
[WhiteCountry "BEL"]
[BlackCountry "POR"]
[PlyCount "55"]
[EventDate "2018.??.??"]

1. e4 Nf6 2. e5 Nd5 3. d4 d6 4. c4 Nb6 5. f4 dxe5 6. fxe5 Nc6 7. Be3 g6 8. Nc3
f6 9. Nf3 Bg4 10. Qd2 fxe5 11. d5 Bxf3 12. gxf3 Na5 13. b3 e6 14. Ne4 exd5 15.
cxd5 Nxd5 16. Qxd5 Bb4+ 17. Kf2 Nc6 18. Bb5 Qxd5 19. Nf6+ Kf7 20. Nxd5 Bd6 21.
Rac1 Ke6 22. Bc4 Kd7 23. Nf6+ Kd8 24. Rhd1 h6 25. Bb5 Ne7 26. Ke2 a6 27. Rxd6+
cxd6 28. Bb6# 1-0

[Event "Portugal Open 2018"]
[Site "Lisboa POR"]
[Date "2018.02.05"]
[Round "5.83"]
[White "Billot, Daniel"]
[Black "Oliveira, Marco"]
[Result "0-1"]
[WhiteElo "1710"]
[BlackElo "2008"]
[WhiteFideId "618004"]
[BlackFideId "1901583"]
[WhiteCountry "FRA"]
[BlackCountry "POR"]
[PlyCount "68"]
[EventDate "2018.??.??"]

1. e4 Nf6 2. e5 Nd5 3. Nc3 Nb6 4. d4 d6 5. Bf4 Bf5 6. g4 Bc8 7. h3 Nc6 8. Nf3 h5
9. gxh5 Bf5 10. d5 Nxe5 11. Bxe5 dxe5 12. Nxe5 Qd6 13. Bb5+ Bd7 14. Nxd7 Nxd7
15. Bxd7+ Qxd7 16. Qf3 Rh6 17. O-O-O O-O-O 18. Qg4 Kb8 19. Qxd7 Rxd7 20. Rd3
Rxh5 21. Rhd1 Rf5 22. Ne4 g6 23. Nc5 Rd6 24. Rb3 b6 25. c4 Rf4 26. Na6+ Kc8 27.
c5 Rc4+ 28. Kb1 Rf6 29. f3 Kd7 30. Nb8+ Kc8 31. Na6 Bh6 32. d6 exd6 33. cxd6
Rxd6 34. Rxd6 Rc1# 0-1

[Event "Portugal Open 2018"]
[Site "Lisboa POR"]
[Date "2018.02.05"]
[Round "5.84"]
[White "Fortunato, António"]
[Black "Alshameary Puente, Daniel"]
[Result "0-1"]
[WhiteElo "1651"]
[BlackElo "1976"]
[WhiteFideId "1941810"]
[BlackFideId "22252096"]
[WhiteCountry "POR"]
[BlackCountry "ESP"]
[PlyCount "64"]
[EventDate "2018.??.??"]

1. e4 c5 2. c3 Nf6 3. e5 Nd5 4. Bc4 Nb6 5. Bb3 c4 6. Bc2 Nc6 7. Nf3 d6 8. exd6
Qxd6 9. O-O Bg4 10. Qe2 f6 11. d4 cxd3 12. Bxd3 e5 13. Rd1 Qc7 14. Nbd2 O-O-O
15. h3 Bh5 16. a4 a5 17. Bb5 f5 18. Bxc6 bxc6 19. Re1 e4 20. Qa6+ Qb7 21. Qxa5
Rd5 22. b4 Rxa5 23. bxa5 exf3 24. Rb1 Nxa4 25. Rxb7 Kxb7 26. Nxf3 Bxf3 27. gxf3
Nxc3 28. Re8 Nb5 29. Be3 Nc7 30. Rd8 g6 31. Bd4 Ne6 32. Rd7+ Kc8 0-1

[Event "Portugal Open 2018"]
[Site "Lisboa POR"]
[Date "2018.02.05"]
[Round "5.85"]
[White "Fernandes, Tiago Saraiva"]
[Black "Asvestopoulou, Evdokia"]
[Result "1/2-1/2"]
[WhiteElo "1969"]
[BlackElo "1685"]
[WhiteFideId "1920928"]
[BlackFideId "4219198"]
[WhiteCountry "POR"]
[BlackCountry "GRE"]
[PlyCount "67"]
[EventDate "2018.??.??"]

1. e4 c5 2. Nf3 Nc6 3. Bb5 g6 4. O-O Bg7 5. Re1 Nf6 6. e5 Nd5 7. Nc3 Nc7 8. Bxc6
dxc6 9. Ne4 Ne6 10. d3 O-O 11. Be3 b6 12. Qd2 Nd4 13. Nxd4 cxd4 14. Bh6 c5 15.
Qf4 Bb7 16. Bxg7 Kxg7 17. h4 Bxe4 18. Rxe4 e6 19. g4 Qxh4 20. Kg2 f5 21. g5 Qxf4
22. Rxf4 h6 23. gxh6+ Kxh6 24. Rh4+ Kg7 25. f4 Rh8 26. Rxh8 Rxh8 27. a4 a5 28.
Kg3 Rh5 29. Ra3 Rh8 30. Rb3 Rb8 31. Ra3 Kh6 32. Kh4 Rh8 33. Rb3 Rb8 34. Ra3
1/2-1/2

[Event "Portugal Open 2018"]
[Site "Lisboa POR"]
[Date "2018.02.05"]
[Round "5.86"]
[White "Oliveira, António Augusto"]
[Black "Fernandes, Ricardo Paulos"]
[Result "0-1"]
[WhiteElo "1617"]
[BlackElo "1920"]
[WhiteFideId "1943235"]
[BlackFideId "1943464"]
[WhiteCountry "POR"]
[BlackCountry "POR"]
[PlyCount "90"]
[EventDate "2018.??.??"]

1. f4 d5 2. Nf3 c5 3. c4 Nf6 4. e3 Nc6 5. b3 Bf5 6. Nh4 Bg4 7. Be2 Bxe2 8. Qxe2
Nb4 9. d3 dxc4 10. O-O cxd3 11. Qf3 Qd5 12. Nc3 Qxf3 13. Nxf3 O-O-O 14. Bd2 Nc2
15. Rac1 Ng4 16. Nd1 f6 17. h3 Nh6 18. Ne1 e6 19. Nxd3 Rxd3 20. Rxc2 Nf5 21. Kf2
Be7 22. Nb2 Rd7 23. g4 Nd6 24. Kf3 Kb8 25. Bc1 b6 26. Rd2 Rhd8 27. Rfd1 Kc8 28.
Nc4 Nxc4 29. Rxd7 Rxd7 30. Rxd7 Kxd7 31. bxc4 Kc6 32. a4 a6 33. e4 b5 34. axb5+
axb5 35. cxb5+ Kxb5 36. Ke3 c4 37. Kd4 Bc5+ 38. Kc3 e5 39. g5 Bd4+ 40. Kc2 c3
41. gxf6 gxf6 42. f5 Kc4 43. Ba3 Be3 44. Be7 Bg5 45. Bd8 Kd4 0-1

[Event "Portugal Open 2018"]
[Site "Lisboa POR"]
[Date "2018.02.05"]
[Round "5.87"]
[White "Lages, Duarte"]
[Black "Taylor, Robert Graham"]
[Result "0-1"]
[WhiteElo "1569"]
[BlackElo "1906"]
[WhiteFideId "2161680"]
[BlackFideId "1800841"]
[WhiteCountry "BRA"]
[BlackCountry "WLS"]
[PlyCount "128"]
[EventDate "2018.??.??"]

1. d4 Nf6 2. c4 g6 3. Nc3 Bg7 4. e4 d6 5. Be2 O-O 6. Bg5 Nbd7 7. Qd2 c6 8. Nf3
Qc7 9. O-O Re8 10. Rac1 e5 11. d5 Nc5 12. Qc2 h6 13. Be3 Ncd7 14. b4 Ng4 15. Bd2
Bf8 16. h3 Ngf6 17. Be3 a6 18. Rfd1 c5 19. a3 b6 20. Qd2 Kh7 21. g4 Ng8 22. Nh2
Bg7 23. Bd3 Qd8 24. Kg2 Rf8 25. f4 exf4 26. Bxf4 Ne5 27. Nf3 Nxf3 28. Kxf3 Qf6
29. Kg2 h5 30. Bg5 Qe5 31. Bf4 Qe7 32. Rh1 Nf6 33. bxc5 bxc5 34. Bg5 Kg8 35. Qf4
Qe5 36. Qxe5 dxe5 37. Rhf1 Nh7 38. Be3 hxg4 39. hxg4 Bxg4 40. Bxc5 Rfc8 41. Bd6
Ng5 42. Be2 Bh3+ 43. Kg3 Bxf1 44. Bxf1 f5 45. exf5 gxf5 46. Na4 Ne4+ 47. Kh2 Bh6
48. Rc2 Bf4+ 49. Kg1 Nxd6 50. c5 Nb5 51. Nb6 Nd4 52. Rg2+ Kf7 53. Nxc8 Rxc8 54.
c6 Be3+ 55. Kh2 Rh8+ 56. Kg3 Bf4+ 57. Kf2 e4 58. Bc4 e3+ 59. Kg1 Nf3+ 60. Kf1
Nd2+ 61. Rxd2 exd2 62. d6+ Kf6 63. Bb3 Bxd6 64. Ke2 Rh2+ 0-1

[Event "Portugal Open 2018"]
[Site "Lisboa POR"]
[Date "2018.02.05"]
[Round "5.88"]
[White "Quintino, Luís"]
[Black "Rodrigues, Tiago Nobre"]
[Result "1-0"]
[WhiteElo "1899"]
[BlackElo "1683"]
[WhiteFideId "1904086"]
[BlackFideId "1941410"]
[WhiteCountry "POR"]
[BlackCountry "POR"]
[PlyCount "45"]
[EventDate "2018.??.??"]

1. d4 Nf6 2. Bg5 g6 3. c4 Ne4 4. Bf4 Nf6 5. Nc3 d6 6. e4 Bg7 7. Nf3 O-O 8. Qd2
Re8 9. Be2 a6 10. Bh6 Bh8 11. h4 e5 12. d5 Qe7 13. Nh2 Nxe4 14. Nxe4 Qxh4 15.
Bf3 Qe7 16. g4 Nd7 17. O-O-O b5 18. Qa5 Nc5 19. Nxc5 dxc5 20. d6 Qf6 21. Bxa8
cxd6 22. Bc6 e4 23. Qd2 1-0

[Event "Portugal Open 2018"]
[Site "Lisboa POR"]
[Date "2018.02.05"]
[Round "5.89"]
[White "Amaral, Fernando"]
[Black "Vandamme, Florian"]
[Result "0-1"]
[WhiteElo "1518"]
[BlackElo "1898"]
[WhiteFideId "1931288"]
[BlackFideId "228672"]
[WhiteCountry "POR"]
[BlackCountry "BEL"]
[PlyCount "72"]
[EventDate "2018.??.??"]

1. e4 c5 2. Nc3 d6 3. g3 g6 4. Bg2 Bg7 5. d3 Nc6 6. Be3 Rb8 7. a4 a6 8. Qd2 b5
9. axb5 axb5 10. Nd1 b4 11. Ne2 Nd4 12. O-O Bd7 13. Nc1 Nf6 14. c3 bxc3 15. bxc3
Ne6 16. h3 Qc8 17. Kh2 Bc6 18. f4 c4 19. Nf2 cxd3 20. Ncxd3 Nd7 21. Rac1 O-O 22.
f5 Nec5 23. Nxc5 Nxc5 24. Bh6 Nb3 25. Qe3 Nxc1 26. Bxg7 Kxg7 27. Ng4 Rh8 28.
Qh6+ Kg8 29. f6 Qf8 30. Qf4 h5 31. fxe7 Qxe7 32. Nh6+ Rxh6 33. Qxh6 Nd3 34. Bf3
Bxe4 35. Bxh5 Rb2+ 36. Kg1 Qa7+ 0-1

[Event "Portugal Open 2018"]
[Site "Lisboa POR"]
[Date "2018.02.05"]
[Round "5.90"]
[White "Afonso, Paulo Jorge"]
[Black "Marques, Rui"]
[Result "1/2-1/2"]
[WhiteElo "1511"]
[BlackElo "1876"]
[WhiteFideId "1907549"]
[BlackFideId "1903390"]
[WhiteCountry "POR"]
[BlackCountry "POR"]
[PlyCount "58"]
[EventDate "2018.??.??"]

1. e4 c5 2. Nf3 d6 3. Bc4 Nc6 4. c3 Nf6 5. d3 g6 6. h3 Bg7 7. Be3 a6 8. a4 O-O
9. O-O Bd7 10. Re1 Rb8 11. e5 dxe5 12. Bxc5 Qc7 13. Be3 Rbd8 14. Nbd2 Bf5 15.
Qb3 Nd7 16. Nh4 Na5 17. Qc2 Nxc4 18. Nxf5 gxf5 19. Nxc4 f4 20. Bd2 Nc5 21. Nxe5
Bxe5 22. d4 Bd6 23. dxc5 Bxc5 24. Re4 e5 25. Rae1 f6 26. g3 fxg3 27. Rg4+ Kh8
28. Rxg3 Rg8 29. Be3 Rxg3+ 1/2-1/2

[Event "Portugal Open 2018"]
[Site "Lisboa POR"]
[Date "2018.02.05"]
[Round "5.91"]
[White "Passeiro, Lourenço"]
[Black "Lavrador, Rodolfo"]
[Result "0-1"]
[WhiteElo "1362"]
[BlackElo "1859"]
[WhiteFideId "1934848"]
[BlackFideId "1908367"]
[BlackTitle "NM"]
[WhiteCountry "POR"]
[BlackCountry "POR"]
[PlyCount "110"]
[EventDate "2018.??.??"]

1. e4 e6 2. Qe2 c5 3. d3 Nc6 4. c3 Nge7 5. g3 Ng6 6. Bg2 b6 7. f4 Ba6 8. Nf3 Rc8
9. O-O Be7 10. Be3 O-O 11. Nbd2 Re8 12. h4 h6 13. h5 Nf8 14. g4 Nh7 15. Nc4 d5
16. exd5 exd5 17. Nce5 Nxe5 18. fxe5 Bg5 19. Rfd1 Qe7 20. Qd2 Bxe3+ 21. Qxe3 f6
22. d4 cxd4 23. cxd4 Qe6 24. Qf4 Rf8 25. Qg3 Ng5 26. Nxg5 fxg5 27. Bf1 Rf4 28.
Bh3 Be2 29. Rd2 Bxg4 30. Bg2 Bxh5 31. Rf1 Rxf1+ 32. Bxf1 Qg4 33. Qxg4 Bxg4 34.
Bg2 Be6 35. Kh2 Kf7 36. Kg3 Kg6 37. Bf3 h5 38. Be2 h4+ 39. Kg2 Bf5 40. Bf3 Be6
41. Be2 g4 42. Bd1 Kg5 43. Bb3 Rf8 44. Rc2 h3+ 45. Kg1 Rf4 46. Rc6 Bf5 47. Bxd5
Rxd4 48. Bb3 Re4 49. Rc7 g6 50. Re7 g3 51. Kf1 h2 52. Kg2 Bh3+ 53. Kxh3 h1=Q+
54. Kxg3 Qh4+ 55. Kg2 Re2+ 0-1

[Event "Portugal Open 2018"]
[Site "Lisboa POR"]
[Date "2018.02.05"]
[Round "5.92"]
[White "Dumont, Vincent"]
[Black "Pérez Bolanos, Joel"]
[Result "1-0"]
[WhiteElo "1849"]
[BlackElo "1628"]
[WhiteFideId "206199"]
[BlackFideId "24564419"]
[WhiteCountry "BEL"]
[BlackCountry "ESP"]
[PlyCount "67"]
[EventDate "2018.??.??"]

1. b3 e5 2. e3 g6 3. Bb2 Bg7 4. g3 Nc6 5. Bg2 Nge7 6. d3 d6 7. Ne2 O-O 8. Nd2
Bd7 9. a3 Qc8 10. h3 Re8 11. c4 Nd8 12. Qc2 Bc6 13. e4 Ne6 14. O-O-O b5 15. Nf1
bxc4 16. dxc4 Qb7 17. Kb1 Nc5 18. Ka2 Bxe4 19. Bxe4 Qxe4 20. Ne3 Rab8 21. Qxe4
Nxe4 22. Rhf1 Nc5 23. b4 Ne6 24. Nd5 Nc6 25. f4 exf4 26. Bxg7 Kxg7 27. gxf4 Ng5
28. Nec3 Nxh3 29. Rd3 Nxf4 30. Rxf4 Ne5 31. Rh3 c6 32. Nf6 Re6 33. Rxh7+ Kf8 34.
Rh8+ 1-0

[Event "Portugal Open 2018"]
[Site "Lisboa POR"]
[Date "2018.02.05"]
[Round "5.93"]
[White "Garcia, António"]
[Black "Antunes, André"]
[Result "1/2-1/2"]
[WhiteElo "1833"]
[BlackElo "1459"]
[WhiteFideId "1901931"]
[BlackFideId "1936328"]
[WhiteCountry "POR"]
[BlackCountry "POR"]
[PlyCount "95"]
[EventDate "2018.??.??"]

1. d4 c5 2. Nf3 cxd4 3. Nxd4 g6 4. e4 Nc6 5. Nc3 Bg7 6. Be3 Qa5 7. Qd2 Nf6 8. f3
O-O 9. Be2 d6 10. O-O Nxd4 11. Bxd4 Qb4 12. Be3 Kh8 13. Rab1 Be6 14. Kh1 Nd7 15.
Nd5 Qxd2 16. Bxd2 Rac8 17. Rfc1 Nf6 18. c4 Nxd5 19. cxd5 Bd7 20. b3 f5 21. Bg5
Bf6 22. Bxf6+ exf6 23. Bd3 fxe4 24. fxe4 Rxc1+ 25. Rxc1 Rc8 26. Rxc8+ Bxc8 27.
Kg1 Kg7 28. Kf2 f5 29. Ke3 Kf6 30. exf5 Bxf5 31. Bc4 Ke5 32. g3 Be4 33. h4 Bxd5
34. Bd3 Be6 35. h5 Bf5 36. hxg6 hxg6 37. Be2 d5 38. Bf3 b6 39. b4 d4+ 40. Kd2 g5
41. a3 Be4 42. Be2 a5 43. bxa5 bxa5 44. Bb5 Kf5 45. Be2 d3 46. Bd1 Ke5 47. Ke3
Bf5 48. Bf3 1/2-1/2

[Event "Portugal Open 2018"]
[Site "Lisboa POR"]
[Date "2018.02.05"]
[Round "5.94"]
[White "Arroyo Figuero, Fernando"]
[Black "Marques, Afonso"]
[Result "1/2-1/2"]
[WhiteElo "1783"]
[BlackElo "1399"]
[WhiteFideId "22218769"]
[BlackFideId "1947184"]
[WhiteCountry "ESP"]
[BlackCountry "POR"]
[PlyCount "75"]
[EventDate "2018.??.??"]

1. e4 e5 2. Nf3 Nc6 3. Nc3 Nf6 4. d4 exd4 5. Nxd4 Bb4 6. Nxc6 bxc6 7. Bd3 d5 8.
exd5 cxd5 9. O-O O-O 10. Bg5 Re8 11. Bxf6 Qxf6 12. Nxd5 Qd6 13. Nxb4 Qxb4 14. b3
Bb7 15. Qh5 Be4 16. Bxe4 Rxe4 17. h3 Rae8 18. Qd5 h6 19. c4 c5 20. Qd7 Qb6 21.
Rad1 Qa5 22. Rd2 R4e7 23. Qd3 Qc7 24. Qd6 Qa5 25. g3 Re6 26. Qd3 Qc7 27. Qf3 Qc8
28. Kh2 Qc7 29. Qd5 Qa5 30. Rfd1 Re5 31. Qd7 R5e7 32. Qc6 Re6 33. Qb7 R6e7 34.
Rd7 Qxa2 35. Rxe7 Qxf2+ 36. Kh1 Rxe7 37. Rd8+ Kh7 38. Qxe7 1/2-1/2

[Event "Portugal Open 2018"]
[Site "Lisboa POR"]
[Date "2018.02.05"]
[Round "5.95"]
[White "Spínola, Sidney"]
[Black "Voges, Guilherme"]
[Result "0-1"]
[WhiteElo "1750"]
[BlackElo "1384"]
[WhiteFideId "1950720"]
[BlackFideId "1947680"]
[WhiteCountry "CPV"]
[BlackCountry "POR"]
[PlyCount "58"]
[EventDate "2018.??.??"]

1. e4 e5 2. Nf3 Nc6 3. d4 exd4 4. Nxd4 d6 5. Nc3 g6 6. Be3 Bg7 7. Qd2 Nf6 8. Be2
O-O 9. f3 Re8 10. O-O-O Ne5 11. g4 Be6 12. Nxe6 fxe6 13. h4 d5 14. Bh6 dxe4 15.
Qf4 Nd5 16. Nxd5 exd5 17. Bxg7 Kxg7 18. fxe4 c6 19. g5 Qd6 20. exd5 Nd3+ 21.
Bxd3 Qxf4+ 22. Kb1 cxd5 23. Rdf1 Qc7 24. h5 Rf8 25. Re1 Rae8 26. Rd1 Re5 27.
hxg6 hxg6 28. Rh6 Rxg5 29. Rdh1 Rg1+ 0-1

[Event "Portugal Open 2018"]
[Site "Lisboa POR"]
[Date "2018.02.05"]
[Round "5.96"]
[White "Partoens, Remi"]
[Black "Cavaleiro, Daniel"]
[Result "0-1"]
[WhiteElo "1663"]
[BlackElo "2010"]
[WhiteFideId "237108"]
[BlackFideId "1904663"]
[WhiteCountry "BEL"]
[BlackCountry "POR"]
[PlyCount "76"]
[EventDate "2018.??.??"]

1. e4 g6 2. d4 Bg7 3. Be3 d6 4. Nc3 a6 5. f4 e6 6. Nf3 Ne7 7. Be2 b5 8. a3 Bb7
9. O-O Nd7 10. b4 O-O 11. Qd2 Nf6 12. Bd3 Ng4 13. Nd1 c5 14. e5 Nxe3 15. Qxe3
Nd5 16. Qd2 cxd4 17. Re1 Bh6 18. Ng5 Nxf4 19. Qxf4 Qxg5 20. Qxg5 Bxg5 21. exd6
Rfd8 22. Be4 Bxe4 23. Rxe4 Rxd6 24. Nf2 Rc8 25. Ra2 Be3 26. Kf1 Rdc6 27. Ng4
Rxc2 28. Rxc2 Rxc2 29. Nxe3 dxe3 30. Rxe3 Ra2 31. h4 Kg7 32. Kg1 h5 33. Kh2 Kf6
34. Kh3 e5 35. g4 hxg4+ 36. Kxg4 Ke6 37. Rf3 f5+ 38. Kg3 f4+ 0-1

[Event "Portugal Open 2018"]
[Site "Lisboa POR"]
[Date "2018.02.05"]
[Round "5.97"]
[White "Lazarevic, Dusan"]
[Black "Dias, José"]
[Result "1-0"]
[WhiteElo "1983"]
[BlackElo "1660"]
[WhiteFideId "978523"]
[BlackFideId "1923943"]
[WhiteCountry "SRB"]
[BlackCountry "POR"]
[PlyCount "63"]
[EventDate "2018.??.??"]

1. e4 d5 2. exd5 Qxd5 3. Nf3 Nf6 4. Be2 Bg4 5. O-O Nc6 6. h3 Bh5 7. Nc3 Qd6 8.
Nb5 Qd7 9. d3 a6 10. Nc3 O-O-O 11. Bf4 h6 12. b4 Nd5 13. Nxd5 Qxd5 14. c4 Qf5
15. b5 Qxf4 16. bxc6 b6 17. c5 Qb4 18. cxb6 cxb6 19. Rb1 Qa5 20. d4 e6 21. c7
Kxc7 22. Qc2+ Kb8 23. Qc6 Rd6 24. Qe8+ Ka7 25. Rfc1 b5 26. Rc8 Qxa2 27. Rxb5
axb5 28. Ra8+ Kb7 29. Qb8+ Kc6 30. Rxa2 Rd5 31. Bxb5+ Rxb5 32. Ra6+ 1-0

[Event "Portugal Open 2018"]
[Site "Lisboa POR"]
[Date "2018.02.05"]
[Round "5.98"]
[White "Skielnik, Joseph"]
[Black "Pérez Bolanos, David"]
[Result "1-0"]
[WhiteElo "1890"]
[BlackElo "1651"]
[WhiteFideId "423807"]
[BlackFideId "24564400"]
[WhiteCountry "ENG"]
[BlackCountry "ESP"]
[PlyCount "55"]
[EventDate "2018.??.??"]

1. d4 Nf6 2. Bf4 e6 3. e3 c5 4. c3 Qb6 5. Qb3 Qxb3 6. axb3 Nc6 7. Nd2 cxd4 8.
exd4 b6 9. Ngf3 Bb7 10. Bd3 d5 11. h3 Be7 12. O-O O-O 13. b4 a6 14. Rfe1 Ne8 15.
Ne5 Nf6 16. Nxc6 Bxc6 17. Bc7 Bd8 18. Bd6 Re8 19. b5 Ne4 20. Bf4 axb5 21. Rxa8
Bxa8 22. Bxb5 Re7 23. Ra1 Bb7 24. Nxe4 dxe4 25. Bd6 Bd5 26. Bxe7 Bxe7 27. c4 Bb7
28. Ra7 1-0

[Event "Portugal Open 2018"]
[Site "Lisboa POR"]
[Date "2018.02.05"]
[Round "5.99"]
[White "Coelho, Pedro"]
[Black "Lopes, José Cidreiro"]
[Result "1-0"]
[WhiteElo "1864"]
[BlackElo "1600"]
[WhiteFideId "1905694"]
[BlackFideId "1904841"]
[WhiteCountry "POR"]
[BlackCountry "POR"]
[PlyCount "84"]
[EventDate "2018.??.??"]

1. Nf3 d5 2. b3 c5 3. e3 Nc6 4. Bb2 Bf5 5. d3 Qc7 6. g3 Nf6 7. Nbd2 e5 8. Bg2 h6
9. a3 O-O-O 10. Qe2 e4 11. Bxf6 gxf6 12. Nh4 exd3 13. cxd3 Be6 14. O-O Qd7 15.
f4 Bh3 16. Rfc1 Bxg2 17. Qxg2 Rg8 18. Rab1 Kb8 19. Kh1 f5 20. Qe2 Qe6 21. Qf2
Bd6 22. Re1 Qf6 23. Ndf3 Rge8 24. Qc2 Rc8 25. Qd2 Qe6 26. b4 cxb4 27. axb4 a6
28. b5 axb5 29. Rxb5 Kc7 30. Ng2 Ra8 31. Reb1 Reb8 32. Qb2 Ra7 33. Nd4 Nxd4 34.
Qxd4 Ra3 35. Rc1+ Kd7 36. Rxd5 Ra6 37. e4 fxe4 38. dxe4 Ke7 39. e5 Ba3 40. Rd1
Kf8 41. Qd3 Kg7 42. f5 Qc6 1-0

[Event "Portugal Open 2018"]
[Site "Lisboa POR"]
[Date "2018.02.05"]
[Round "5.100"]
[White "Elias, Rúben"]
[Black "Ferrante, Filippo"]
[Result "1-0"]
[WhiteElo "1836"]
[BlackElo "1539"]
[WhiteFideId "1906453"]
[BlackFideId "846457"]
[WhiteCountry "POR"]
[BlackCountry "ITA"]
[PlyCount "77"]
[EventDate "2018.??.??"]

1. e4 e6 2. d4 d5 3. Nd2 Nf6 4. e5 Nfd7 5. Bd3 c5 6. c3 Nc6 7. Ne2 Qb6 8. Nf3
cxd4 9. cxd4 Bb4+ 10. Bd2 Bxd2+ 11. Qxd2 Qa5 12. Nc3 Qb6 13. Be2 O-O 14. O-O f6
15. exf6 Rxf6 16. Rfe1 Nf8 17. Rad1 Bd7 18. Bd3 Be8 19. a3 a6 20. b4 Ne7 21. Ne5
Neg6 22. Bc2 Nxe5 23. Rxe5 Ng6 24. Re3 Nf8 25. Rde1 Bg6 26. Na4 Qd8 27. Nc5 Qe7
28. Bxg6 Rxg6 29. Qe2 Re8 30. Re5 Rh6 31. Rxd5 Qh4 32. h3 exd5 33. Qxe8 Qxd4 34.
Nd7 Qf4 35. Qa8 b5 36. Nxf8 Kf7 37. Qe8+ Kf6 38. Nd7+ Kg5 39. Re5+ 1-0

[Event "Portugal Open 2018"]
[Site "Lisboa POR"]
[Date "2018.02.05"]
[Round "5.101"]
[White "Gaudin, Bruno"]
[Black "Cardoso, Miguel"]
[Result "0-1"]
[WhiteElo "1635"]
[BlackElo "1832"]
[WhiteFideId "647861"]
[BlackFideId "1904280"]
[WhiteCountry "FRA"]
[BlackCountry "POR"]
[PlyCount "56"]
[EventDate "2018.??.??"]

1. e4 e6 2. Nf3 d5 3. exd5 exd5 4. d4 Nf6 5. c4 Be7 6. Nc3 O-O 7. cxd5 Nxd5 8.
Nxd5 Qxd5 9. Be2 Bb4+ 10. Bd2 Bxd2+ 11. Qxd2 Nd7 12. O-O Nf6 13. Rac1 c6 14. Bc4
Qd6 15. Rfe1 Bf5 16. Re5 Be4 17. Ng5 Bd5 18. Bxd5 Nxd5 19. Ne4 Qd8 20. Nc3 Nxc3
21. bxc3 Qd6 22. Rce1 Rad8 23. R1e4 h6 24. f4 b5 25. f5 c5 26. Rxc5 Qxc5 27. Qf4
Qd6 28. Qg4 Rfe8 0-1

[Event "Portugal Open 2018"]
[Site "Lisboa POR"]
[Date "2018.02.05"]
[Round "5.102"]
[White "Barros, Luís"]
[Black "Silva, Daniel"]
[Result "0-1"]
[WhiteElo "1831"]
[BlackElo "1536"]
[WhiteFideId "23600110"]
[BlackFideId "1951378"]
[WhiteCountry "CPV"]
[BlackCountry "POR"]
[PlyCount "74"]
[EventDate "2018.??.??"]

1. e4 e5 2. Nf3 Nc6 3. Bb5 d6 4. d4 exd4 5. Bxc6+ bxc6 6. Nxd4 Bd7 7. Qf3 Qf6 8.
Qd3 g6 9. O-O Bg7 10. c3 Ne7 11. f4 c5 12. Nb5 Bxb5 13. Qxb5+ c6 14. Qb7 O-O 15.
Na3 d5 16. e5 Qe6 17. Qb3 f6 18. exf6 Rxf6 19. Bd2 Raf8 20. Rae1 Qd7 21. Be3 c4
22. Qa4 Nc8 23. Rd1 Qf7 24. g3 Re6 25. Nc2 Ne7 26. Bd4 Nf5 27. Bxg7 Kxg7 28.
Rde1 Rfe8 29. Rxe6 Rxe6 30. Nd4 Nxd4 31. cxd4 Qe7 32. Qd1 Re2 33. Qb1 Qe3+ 34.
Kh1 Qd2 35. Rf2 Rxf2 36. Qg1 Qe2 37. b3 Qe4+ 0-1